Villa de Madrid (Record no. 2373)

MARC details
000 -LEADER
campo de control de longitud fija 01153nas a2200301 i 4500
001 - NÚMERO DE CONTROL
campo de control 2373
003 - IDENTIFICADOR DE NÚMERO DE CONTROL
campo de control ES-MaACL
005 - FECHA Y HORA DE LA ÚLTIMA TRANSACCIÓN
campo de control 20250217134620.0
007 - CAMPO FIJO DE DESCRIPCIÓN FÍSICA--INFORMACIÓN GENERAL
campo de control de longitud fija t|
008 - DATOS DE LONGITUD FIJA--INFORMACIÓN GENERAL
campo de control de longitud fija 950801d19571992sp q|yp l| 1 ||pa d
080 ## - NÚMERO DE LA CLASIFICACIÓN DECIMAL UNIVERSAL
Número de la Clasificación Decimal Universal 914.602.7
245 00 - MENCIÓN DEL TÍTULO
Título Villa de Madrid
Resto del título : revista del Excmo. Ayuntamiento /
Mención de responsabilidad, etc. [dir. Manuel Pombo Angulo].
260 ## - PUBLICACIÓN, DISTRIBUCIÓN, ETC.
Lugar de publicación, distribución, etc. Madrid :
Nombre del editor, distribuidor, etc. Ayuntamiento de Madrid,
Fecha de publicación, distribución, etc. 1957-
300 ## - DESCRIPCIÓN FÍSICA
Extensión 9 v. :
Otras características físicas il. col. y n., fot. ;
Dimensiones 30 cm.
310 ## - PERIODICIDAD ACTUAL
Periodicidad actual Trimestral (con irregularidades).
362 0# - FECHAS DE PUBLICACIÓN Y/O DESIGNACIÓN SECUENCIAL
Fecha de publicación y/o designación secuencial Año I, n. 1 (1957)-
500 ## - NOTA GENERAL
Nota general Índice: De n.1-n. 63, en n. 64 (jul.-sept. 1979)
515 ## - NOTA DE PECULIARIDADES DE LA NUMERACIÓN
Nota de peculiaridades de la numeración No se publicó en 1963-1965 y 1990.
515 ## - NOTA DE PECULIARIDADES DE LA NUMERACIÓN
Nota de peculiaridades de la numeración Suspendida temporalmente su publicación después del n.108 (1992)
555 ## - NOTA DE ÍNDICE ACUMULATIVO U OTROS INSTRUMENTOS BIBLIOGRÁFICOS
Nota de índice acumulativo u otros instrumentos bibliográficos Índice de n.1-n.63 en: n.64 (jul.-sept. 1979)
651 #4 - PUNTO DE ACCESO ADICIONAL DE MATERIA--NOMBRE GEOGRÁFICO
Nombre geográfico Madrid-
Subdivisión general Descripción.
9 (RLIN) 8952
700 1# - ENTRADA AGREGADA--NOMBRE PERSONAL
Nombre de persona Pombo Angulo, Manuel.
9 (RLIN) 92912
710 1# - ENTRADA AGREGADA--NOMBRE DE ENTIDAD CORPORATIVA
Nombre de entidad corporativa o nombre de jurisdicción como elemento de entrada Madrid.
Unidad subordinada Ayuntamiento
9 (RLIN) 234069
852 4# - LOCALIZACIÓN
Ubicación ES-MaACL
Número de control de estantería HEM-H-154
Encuadernación Hem-1226
Signatura antigua
856 ## - LOCALIZACIÓN Y ACCESO ELECTRÓNICOS
Identificador Uniforme de Recursos <a href="http://www.memoriademadrid.es ">http://www.memoriademadrid.es </a>
Nota pública Ir a la página
866 #0 - MENCIÓN TEXTUAL DE FONDOS--UNIDAD BIBLIOGRÁFICA BÁSICA
Fondos 1957-62,(1974-76),(1978-80),(1982)(1983f.n.76)1984-89.(1991 f.n.103)1992.
Holdings
Estatus retirado Estado de pérdida Estado de daño No para préstamo Colección Biblioteca de origen Biblioteca actual Ubicación en estantería Fecha de adquisición Fuente de adquisición Total de préstamos Signatura topográfica completa Código de barras Visto por última vez Precio de reemplazo Tipo de ítem Koha
        Colección digital Biblioteca del Ateneo de Madrid Biblioteca del Ateneo de Madrid Hemeroteca 17/01/2008     HEM-H-154 1002414 23/02/2023 23/02/2023 Revista